000 00648nam a2200277Ia 4500
003 OSt
005 20220912151854.0
006 a|||||r|||| 00| 0
007 ta
008 220909b |||||||| |||| 00| 0 eng d
020 _a01944244499
024 _a2559
037 _cTextual
040 _aCSL
_beng
_cCSL
041 _aeng
082 _aE:2, L8;N4;1
100 _aAtkins P W
245 0 _aPhysical chemistry
250 _aEd 5
260 _aOxford
_bELBS
_c1994
300 _a1031p
650 _a Physical
650 _aChemistry
942 _hE:2, L8;N4;1
_cTEXL
_2CC
999 _c76583
_d76583